Greek or Latin? - Statistics

General Stats
  • This quiz has been taken 18 times
  • The average score is 10 of 15
Answer Stats
Question Answer % Correct
The Republic by Plato Greek
88%
Historia Augusta Latin
88%
The Gallic War by Julius Caesar Latin
82%
Jewish Antiquities by Josephus Greek
76%
Iliad Greek
76%
The New Testament Greek
76%
Confessions by Augustine Latin
76%
Aeneid Latin
76%
Attic Nights by Aulus Gellius Latin
76%
Secret History by Procopius Greek
71%
Metamorphoses by Ovid Latin
65%
Code of Justinian Latin
53%
Life of Caesar by Plutarch Greek
35%
Roman History by Cassius Dio Greek
24%
Meditations by Marcus Aurelius Greek
18%
No matching quizzes found
Score Distribution
Percent of People with Each Score
Percentile by Number Answered
Your Score History
You have not taken this quiz